000 00759cab a22002295a 4500
001 L159888
008 150113e2017 xxk 000 0 eng d
035 _a(Sirsi) u159888
041 0 _aeng
050 _a333.3307 $2 18
100 1 _aCraig, Ewan
245 0 0 _aGetting to know you
_h[electronic resource]
260 _aLondon
_bRICS
_c2017
490 _aRICS Building Surveying Journal
_vDecember 2017 - January 2018, 23(1)
520 _aDiscusses the optional competency Analysis of client requirements.
650 2 4 _aCOMPETENCIES
651 4 _aUnited Kingdom
_y
690 _aAPC
_96216
856 4 0 _uhttps://issuu.com/ricsmodus/docs/building_surveying_journal_december_cfa9ea648afe6a
_yAvailable free online via Issuu
856 4 0 _u
_z
942 _n0
999 _c85044
_d85044